00555npc a2200169Ia 4500001001300000003001000013008004100023040002500064041000700089100001100096245009100107250001100198260003700209300001300246500011100259650001500370dg101-43299 IT-MiCISF161014s9999||||xx | und|| aIT-MiCISFcIT-MiCISF ait aAA.VV. 0aModalità€ di realizzazione dei palinsesti per ragazzi delle reti televisive nel mondo a1a ed. a TrevisobCiak Junior 2004c2005 app. 1-75 aGruppo Alcuni - Traduzione inglese a fronte / televisione, informazione, educazione, educazione-bambini /  amass-media